Hodnotenie Európskej menovej únie z pohľadu teórie optimálnej menovej oblasti
Európska menová únia, Optimálna menová oblasť (OMO). Prínos Teórie optimálnej menovej oblasti. Konvergenčné kritériá z pohľadu Teórie optimálnej menovej oblasti. EMÚ z pohľadu Teórie optimálnej menovej oblasti. Dlhová kríza v eurozóne. Opatrenia, ktoré EÚ prijíma, smerujú k hlbšej integrácii a zárov...
Salvato in:
| Autore principale: | |
|---|---|
| Natura: | Capitolo di libro |
| Lingua: | slovacco |
| Soggetti: | |
| Tags: |
Nessun Tag, puoi essere il primo ad aggiungerne!!
|
MARC
| LEADER | 00000nla a2200000 4500 | ||
|---|---|---|---|
| 001 | 0166691 | ||
| 005 | 20240502072913.8 | ||
| 041 | 0 | |a slo | |
| 044 | |a SK | ||
| 245 | 1 | 0 | |a Hodnotenie Európskej menovej únie z pohľadu teórie optimálnej menovej oblasti |c Michal Držka |
| 520 | |a Európska menová únia, Optimálna menová oblasť (OMO). Prínos Teórie optimálnej menovej oblasti. Konvergenčné kritériá z pohľadu Teórie optimálnej menovej oblasti. EMÚ z pohľadu Teórie optimálnej menovej oblasti. Dlhová kríza v eurozóne. Opatrenia, ktoré EÚ prijíma, smerujú k hlbšej integrácii a zároveň prispievajú k približovaniu eurozóny k OMO. | ||
| 610 | 2 | 0 | |a eurozóna |
| 610 | 2 | 0 | |a oblasti menové |
| 610 | 2 | 0 | |a teória zón menových optimálnych |
| 610 | 2 | 0 | |a kríza |
| 610 | 2 | 0 | |a šoky hospodárske |
| 100 | 1 | |a Držka, Michal, 1989- | |